[Event "Titled Tue 20th May Late"]
[Site "chess.com INT"]
[Date "2025.05.20"]
[Round "4"]
[White "Aung Thant Zin"]
[Black "Ristic, Nebojsa M"]
[Result "0-1"]
[WhiteTitle "FM"]
[BlackTitle "IM"]
[WhiteElo "2268"]
[BlackElo "2248"]
[WhiteFideId "13000063"]
[BlackFideId "900850"]
[EventDate "2025.05.20"]

1. e4 e6 2. d4 d5 3. Nc3 Bb4 4. e5 c5 5. a3 Bxc3+ 6. bxc3 Ne7 7. f3 h6 8. Ne2
Qc7 9. a4 b6 10. Ba3 Ba6 11. Qd2 Nbc6 12. Nc1 Bxf1 13. Rxf1 Na5 14. dxc5 Nc4 15.
Qe2 Nxa3 16. Rxa3 Qxc5 17. Rb3 Nc6 18. Nd3 Qc4 19. Kf2 Qxa4 20. Kg1 O-O 21. Kh1
Rac8 22. f4 Qe4 23. Qf2 Na5 24. Ra3 Rc4 25. Re1 Qf5 26. h3 Re4 27. Rf1 h5 28.
Qg3 Re2 29. Nb4 Qe4 30. Raa1 Rc8 31. Rae1 g6 32. Rxe2 Qxe2 33. f5 Qxf1+ 0-1

[Event "Titled Tue 20th May Late"]
[Site "chess.com INT"]
[Date "2025.05.20"]
[Round "4"]
[White "Harriott, Tyrell"]
[Black "Bahmani, Koorosh"]
[Result "1-0"]
[BlackTitle "CM"]
[WhiteElo "1924"]
[BlackElo "2208"]
[WhiteFideId "2086484"]
[BlackFideId "42576750"]
[EventDate "2025.05.20"]

1. d4 d5 2. e3 Nf6 3. Bd3 g6 4. f4 Bg7 5. Nf3 O-O 6. O-O Ne4 7. Nbd2 Nd6 8. Qe1
b6 9. Qe2 Bb7 10. c3 c5 11. Ne5 Nc6 12. Kh1 f6 13. Nxg6 hxg6 14. Bxg6 f5 15. Qh5
Rf6 16. Nf3 Ne4 17. Ne5 Qd6 18. Bxf5 Ng3+ 19. hxg3 Rh6 20. Qxh6 Qxh6+ 21. Kg1
Nxe5 22. dxe5 e6 23. Bd3 Kf7 24. Bd2 1-0

[Event "Titled Tue 20th May Late"]
[Site "chess.com INT"]
[Date "2025.05.20"]
[Round "4"]
[White "Yurtseven, Melih"]
[Black "Hoeffer, David"]
[Result "0-1"]
[WhiteTitle "IM"]
[BlackTitle "FM"]
[WhiteElo "2339"]
[BlackElo "2295"]
[WhiteFideId "6312160"]
[BlackFideId "24606766"]
[EventDate "2025.05.20"]

1. e4 Nc6 2. Nf3 f5 3. e5 d6 4. Bb5 dxe5 5. Nxe5 Qd5 6. Qe2 Qxg2 7. Rf1 e6 8.
Nc3 Bd6 9. Nxc6 bxc6 10. Bc4 Qxh2 11. d4 Nf6 12. Bxe6 Qh5 13. Qc4 Bxe6 14. Qxe6+
Kd8 15. Kd2 Re8 16. Qc4 Bf4+ 17. Kd3 Qf3+ 18. Be3 Rxe3+ 19. Kd2 Rxc3+ 0-1

[Event "Titled Tue 20th May Late"]
[Site "chess.com INT"]
[Date "2025.05.20"]
[Round "4"]
[White "Thorhallsson, Simon"]
[Black "Chakrasali, Samarth"]
[Result "1-0"]
[WhiteTitle "FM"]
[WhiteElo "2218"]
[BlackElo "2025"]
[WhiteFideId "2310090"]
[BlackFideId "2077310"]
[EventDate "2025.05.20"]

1. Nf3 Nf6 2. g3 d5 3. Bg2 c5 4. O-O Nc6 5. d4 cxd4 6. Nxd4 Bg4 7. Nxc6 bxc6 8.
c4 e6 9. Nc3 Be7 10. cxd5 cxd5 11. Qa4+ Qd7 12. Qxd7+ Nxd7 13. e4 dxe4 14. Nxe4
Rb8 15. Be3 a5 16. b3 O-O 17. Rfc1 Rfc8 18. Rxc8+ Rxc8 19. Rc1 Rxc1+ 20. Bxc1
Bd1 21. Nc3 Bc2 22. Be4 Bxe4 23. Nxe4 Nc5 24. Nxc5 Bxc5 25. Bd2 Bb6 26. Kf1 Kf8
27. Ke2 Ke7 28. f3 Kd6 29. Kd3 Kd5 30. a4 e5 31. b4 axb4 32. Bxb4 f5 33. a5 Ba7
34. Bd2 h6 35. a6 g5 36. Be3 e4+ 37. fxe4+ fxe4+ 38. Ke2 Bxe3 39. Kxe3 Kc6 40.
Kxe4 Kb6 41. Kf5 Kxa6 42. Kg6 Kb5 43. Kxh6 Kc5 44. Kxg5 1-0

[Event "Titled Tue 20th May Late"]
[Site "chess.com INT"]
[Date "2025.05.20"]
[Round "4"]
[White "Panarin, Mikhail"]
[Black "Ollier, Pablo"]
[Result "1-0"]
[WhiteTitle "GM"]
[BlackTitle "FM"]
[WhiteElo "2562"]
[BlackElo "2284"]
[WhiteFideId "4153251"]
[BlackFideId "652318"]
[EventDate "2025.05.20"]

1. e4 e5 2. Nf3 Nc6 3. Bb5 a6 4. Ba4 d6 5. O-O Bg4 6. h3 h5 7. d4 b5 8. Bb3 Nxd4
9. hxg4 Nxb3 10. axb3 hxg4 11. Ng5 Qd7 12. c4 Rb8 13. Qd5 c6 14. Qxf7+ Qxf7 15.
Nxf7 Kxf7 16. Rxa6 bxc4 17. bxc4 d5 18. Rxc6 dxe4 19. Nc3 Nf6 20. Re1 Bb4 21.
Bd2 g3 22. fxg3 Be7 23. Bc1 Bb4 24. Bd2 Be7 25. Nxe4 Rxb2 26. Ng5+ Kg6 27. Nf3
e4 28. Ne5+ Kf5 29. Rf1+ Kxe5 30. Bc3# 1-0

[Event "Titled Tue 20th May Late"]
[Site "chess.com INT"]
[Date "2025.05.20"]
[Round "4"]
[White "Goltsev, Dmitry"]
[Black "Becking, Stephan"]
[Result "1-0"]
[WhiteTitle "FM"]
[BlackTitle "IM"]
[WhiteElo "2183"]
[BlackElo "2410"]
[WhiteFideId "24176710"]
[BlackFideId "4632478"]
[EventDate "2025.05.20"]

1. d4 Nf6 2. Nc3 d5 3. Bf4 c6 4. e3 e6 5. Nf3 Bd6 6. Ne5 Qc7 7. Bg3 Nbd7 8. f4
a6 9. Bd3 c5 10. O-O cxd4 11. exd4 Qb6 12. Ne2 Nh5 13. Bf2 g6 14. g4 Nhf6 15.
Ng3 h5 16. g5 Ng4 17. Nxg4 hxg4 18. Qxg4 Qxb2 19. h4 Nf8 20. h5 e5 21. f5 e4 22.
Rae1 Kd8 23. Nxe4 dxe4 24. Qxe4 Qb6 25. d5 Qb4 26. c4 Kc7 27. c5 Qxe4 28. cxd6+
Kxd6 29. Bxe4 Bxf5 30. Bg3+ Kd7 31. Bxf5+ gxf5 32. Rxf5 Rh7 33. Rc1 Rc8 34. Rxc8
Kxc8 35. g6 1-0

[Event "Titled Tue 20th May Late"]
[Site "chess.com INT"]
[Date "2025.05.20"]
[Round "4"]
[White "Grodotzki, Kenneth"]
[Black "Arakhamia-Grant, Ketevan"]
[Result "1-0"]
[WhiteTitle "CM"]
[BlackTitle "GM"]
[WhiteElo "1984"]
[BlackElo "2262"]
[WhiteFideId "4648560"]
[BlackFideId "13600168"]
[EventDate "2025.05.20"]

1. f4 d5 2. Nf3 c5 3. g3 Nc6 4. Bg2 g6 5. O-O Bg7 6. d3 Nf6 7. Qe1 d4 8. Na3 O-O
9. Bd2 Nd5 10. c3 e5 11. fxe5 Nxe5 12. Nxe5 Bxe5 13. c4 Ne7 14. b4 Nc6 15. bxc5
Qe7 16. Rb1 Qxc5 17. Nc2 Re8 18. Qf2 Qe7 19. Nb4 Nxb4 20. Bxb4 Qc7 21. Bd2 Rb8
22. Rb5 Bg7 23. Bf4 1-0

[Event "Titled Tue 20th May Late"]
[Site "chess.com INT"]
[Date "2025.05.20"]
[Round "4"]
[White "Ismagilov, Damir"]
[Black "Saidov, Bilukhadzh"]
[Result "0-1"]
[WhiteTitle "CM"]
[BlackTitle "FM"]
[WhiteElo "2173"]
[BlackElo "2309"]
[WhiteFideId "34199982"]
[BlackFideId "34165476"]
[EventDate "2025.05.20"]

1. d4 d5 2. c4 e6 3. Nc3 Nf6 4. cxd5 exd5 5. Bg5 c6 6. e3 Bd6 7. Bd3 O-O 8. Nf3
Re8 9. O-O Bg4 10. Qc2 h6 11. Bh4 Nbd7 12. Kh1 Qe7 13. h3 Be6 14. Rae1 Qf8 15.
a3 a6 16. Bf5 Bxf5 17. Qxf5 Re6 18. g4 Ne4 19. Nxe4 dxe4 20. Nd2 Rae8 21. Qa5
Nf6 22. Rg1 Nd5 23. Rg2 Bc7 24. Qa4 f5 25. gxf5 Qxf5 26. Reg1 Qxh3+ 0-1

[Event "Titled Tue 20th May Late"]
[Site "chess.com INT"]
[Date "2025.05.20"]
[Round "4"]
[White "Eswaran, Ashritha"]
[Black "Varriale, Luca"]
[Result "1-0"]
[WhiteTitle "FM"]
[WhiteElo "2236"]
[BlackElo "2172"]
[WhiteFideId "2080788"]
[BlackFideId "882461"]
[EventDate "2025.05.20"]

1. e4 d5 2. exd5 Qxd5 3. Nc3 Qd6 4. d4 Nf6 5. Nf3 g6 6. g3 Bg7 7. Bf4 Qb6 8. a3
O-O 9. Na4 Qc6 10. c4 Qe4+ 11. Be3 Ng4 12. Bd3 Nxe3 13. Bxe4 Nxd1 14. Rxd1 c6
15. O-O Bf5 16. Rfe1 e6 17. b4 Nd7 18. Nc5 Nxc5 19. dxc5 Rfd8 20. Bxf5 gxf5 21.
Rd6 Bf8 22. Rdd1 Bg7 23. Kf1 Bf6 24. Ke2 Kf8 25. h4 a5 26. Rxd8+ Rxd8 27. Rb1 a4
28. Ng5 Kg7 29. Nf3 e5 30. Nd2 e4 31. g4 fxg4 32. Nxe4 Bxh4 33. Nd6 Kf6 34. Nxb7
Rd4 35. Nd6 g3 36. fxg3 Bxg3 37. Ke3 Rh4 38. Ne4+ Ke5 39. Nxg3 Rh3 40. Kf3 f5
41. Kg2 Rh4 42. b5 Kd4 43. b6 1-0

[Event "Titled Tue 20th May Late"]
[Site "chess.com INT"]
[Date "2025.05.20"]
[Round "4"]
[White "Sitbon, Itay"]
[Black "Sarana, Alexey"]
[Result "0-1"]
[BlackTitle "GM"]
[WhiteElo "2192"]
[BlackElo "2686"]
[WhiteFideId "2820706"]
[BlackFideId "24133795"]
[EventDate "2025.05.20"]

1. d4 Nf6 2. Nc3 d5 3. Bf4 a6 4. e3 h6 5. h3 e6 6. Nf3 c5 7. dxc5 Bxc5 8. Bd3
Nc6 9. Qe2 O-O 10. a3 Re8 11. Ne5 Nd7 12. Nxd7 Bxd7 13. Bg3 Rc8 14. O-O Qg5 15.
Qg4 Qf6 16. Bh4 Qe5 17. Bg3 Qf6 18. Bh4 g5 19. Bg3 Ne5 20. Qe2 Nxd3 21. cxd3 Qg6
22. Kh1 Rc6 23. f4 d4 24. Ne4 dxe3 25. fxg5 Bd4 26. Bh4 hxg5 27. Nxg5 f5 28. Rf3
e5 29. Raf1 f4 30. Ne4 Bf5 31. g4 Bxe4 32. dxe4 Qxe4 33. Qg2 Rc2 34. Qg1 e2 0-1

[Event "Titled Tue 20th May Late"]
[Site "chess.com INT"]
[Date "2025.05.20"]
[Round "4"]
[White "Tsydypov, Zhamsaran"]
[Black "Platzgummer, Fabian"]
[Result "1-0"]
[WhiteTitle "GM"]
[BlackTitle "IM"]
[WhiteElo "2514"]
[BlackElo "2295"]
[WhiteFideId "4108566"]
[BlackFideId "1617222"]
[EventDate "2025.05.20"]

1. e4 c6 2. d4 d5 3. e5 g6 4. h4 h5 5. Bg5 Nh6 6. c3 Bg7 7. Bd3 Bf5 8. Ne2 O-O
9. Bxh6 Bxd3 10. Qxd3 Bxh6 11. g4 hxg4 12. h5 Kg7 13. hxg6 fxg6 14. Nd2 Qd7 15.
Qg3 Qf5 16. Nf1 Nd7 17. Qh4 Qg5 18. Qxg5 Bxg5 19. Rg1 Bh4 20. Rg2 Rf5 21. Ne3
Rf3 22. Nxg4 Raf8 23. Ng1 R3f4 24. Ke2 Re4+ 25. Kd3 c5 26. f3 Ref4 27. Rf1 Rc8
28. Ne2 Rf5 29. Ne3 Rff8 30. Nxd5 cxd4 31. cxd4 Rfd8 32. Nef4 Nf8 33. Rfg1 Kf7
34. Nc3 e6 35. Nxg6 Nd7 36. Nxh4 Nxe5+ 37. Ke3 Nc4+ 38. Ke4 Nd6+ 39. Kd3 Nc4 40.
Rg7+ Kf8 41. Rg8+ Kf7 42. Rxd8 Rxd8 43. Kxc4 Rxd4+ 44. Kxd4 1-0

[Event "Titled Tue 20th May Late"]
[Site "chess.com INT"]
[Date "2025.05.20"]
[Round "4"]
[White "Bouska, Jiri"]
[Black "Pranesh, M"]
[Result "0-1"]
[WhiteTitle "FM"]
[BlackTitle "GM"]
[WhiteElo "2318"]
[BlackElo "2576"]
[WhiteFideId "23722223"]
[BlackFideId "35028600"]
[EventDate "2025.05.20"]

1. e4 Nc6 2. Nf3 e6 3. d4 d6 4. Be3 Nf6 5. Nbd2 Ng4 6. Bg5 Be7 7. Bxe7 Qxe7 8.
h3 Nf6 9. c3 e5 10. Bd3 O-O 11. O-O Nh5 12. Re1 Nf4 13. Bf1 Qf6 14. Nc4 Kh8 15.
Ne3 Ne7 16. Kh2 Qh6 17. dxe5 dxe5 18. Nxe5 Nxh3 19. N5g4 Nxf2+ 20. Nxh6 Nxd1 21.
Nxf7+ Rxf7 22. Raxd1 Be6 23. Bc4 Bxc4 24. Nxc4 Ng6 25. Rd2 Re7 26. Rde2 Rae8 27.
a4 Kg8 28. Kg3 h5 29. e5 Rf8 30. Kh2 Rf4 31. b3 h4 32. Rd1 Rf8 33. Rde1 Nf4 34.
Rd2 Kf7 35. Rf1 Ke6 36. Rdf2 Ref7 37. Re2 Nxe2 0-1

[Event "Titled Tue 20th May Late"]
[Site "chess.com INT"]
[Date "2025.05.20"]
[Round "4"]
[White "Yilmaz, Mustafa"]
[Black "Vlassov, Nikolai"]
[Result "1-0"]
[WhiteTitle "GM"]
[BlackTitle "IM"]
[WhiteElo "2586"]
[BlackElo "2291"]
[WhiteFideId "6302718"]
[BlackFideId "4103360"]
[EventDate "2025.05.20"]

1. c4 e5 2. Nc3 Nf6 3. Nf3 e4 4. Ng5 c6 5. Qa4 b5 6. cxb5 d5 7. bxc6 Qb6 8. e3
Nxc6 9. d4 Bd6 10. Qb5 O-O 11. Qxb6 axb6 12. Be2 h6 13. Nh3 g5 14. Ng1 Nb4 15.
Kd2 Ba6 16. Bxa6 Rxa6 17. f3 Nd3 18. Nge2 Rc8 19. Rf1 Nxc1 20. Raxc1 exf3 21.
Rxf3 Kg7 22. Rxf6 1-0

[Event "Titled Tue 20th May Late"]
[Site "chess.com INT"]
[Date "2025.05.20"]
[Round "4"]
[White "Rao, Anjaneya Sripathy"]
[Black "Shukhman, Anna"]
[Result "0-1"]
[WhiteTitle "CM"]
[BlackTitle "WGM"]
[WhiteElo "2173"]
[BlackElo "2413"]
[WhiteFideId "30954770"]
[BlackFideId "54180058"]
[EventDate "2025.05.20"]

1. e4 c5 2. Nf3 d6 3. d4 cxd4 4. Qxd4 Nf6 5. Be2 Nc6 6. Qe3 g6 7. h3 Bg7 8. O-O
O-O 9. Rd1 Qc7 10. Nc3 a6 11. Rb1 Nb4 12. a3 Nc6 13. Nd5 Nxd5 14. exd5 Ne5 15.
Nxe5 Bxe5 16. c4 Bf5 17. Bd3 Bxd3 18. Qxd3 Rfc8 19. b3 Rab8 20. Be3 b5 21. cxb5
axb5 22. Rdc1 Qa5 23. Rc6 Qxa3 24. Rbc1 Re8 25. f4 Bg7 26. f5 Qb4 27. fxg6 hxg6
28. Rc7 Qh4 29. Ba7 Ra8 30. Bf2 Qb4 31. Rb7 Qf4 32. Be3 Qg3 33. Rxb5 Bh6 34. Re1
Qxe1+ 0-1

[Event "Titled Tue 20th May Late"]
[Site "chess.com INT"]
[Date "2025.05.20"]
[Round "4"]
[White "Bressy, Theo"]
[Black "Schnaider, Ilan"]
[Result "0-1"]
[WhiteTitle "FM"]
[BlackTitle "IM"]
[WhiteElo "2199"]
[BlackElo "2388"]
[WhiteFideId "26022842"]
[BlackFideId "169013"]
[EventDate "2025.05.20"]

1. e4 c5 2. a3 d5 3. exd5 Qxd5 4. Nc3 Qd8 5. Nf3 Nf6 6. d4 cxd4 7. Qxd4 Bd7 8.
Bf4 Nc6 9. Qd2 g6 10. Nb5 Rc8 11. Qe3 Be6 12. Rd1 Nd5 13. Qe4 Qa5+ 14. b4 Qb6
15. Rxd5 Bxd5 16. Qxd5 Bg7 17. c4 O-O 18. c5 Qa6 19. Nd6 Qxa3 20. Nxc8 Qxb4+ 21.
Bd2 Qb1+ 22. Ke2 Rxc8 23. Qd3 Qa2 24. g3 Rd8 25. Qe3 Nb4 26. Bg2 Qc4+ 27. Kd1
Nd3 28. Re1 Nb2# 0-1

[Event "Titled Tue 20th May Late"]
[Site "chess.com INT"]
[Date "2025.05.20"]
[Round "4"]
[White "Sivakumar, Shaashwath"]
[Black "Rozman, Levy"]
[Result "0-1"]
[WhiteTitle "FM"]
[BlackTitle "IM"]
[WhiteElo "2234"]
[BlackElo "2324"]
[WhiteFideId "30912156"]
[BlackFideId "2039877"]
[EventDate "2025.05.20"]

1. d4 g6 2. c4 Bg7 3. e4 Nc6 4. Ne2 e5 5. d5 Nd4 6. Nbc3 c5 7. Be3 d6 8. Qd2 a6
9. Nc1 Ne7 10. Bd3 h5 11. a3 h4 12. h3 Bd7 13. b4 b6 14. Rb1 Qc7 15. O-O Bxh3
16. bxc5 bxc5 17. f4 Bg4 18. fxe5 Bxe5 19. Bf4 h3 20. Bxe5 dxe5 21. Qf2 f5 22.
exf5 hxg2 23. Qxg2 gxf5 24. d6 Qc6 25. dxe7 Qxg2+ 26. Kxg2 Bh3+ 27. Kg3 Bxf1 28.
Bxf1 Kxe7 29. Nd5+ Kf7 30. Nd3 Rag8+ 31. Kf2 Rh2+ 32. Ke1 Nf3+ 33. Kd1 Rg1 34.
Rb7+ Kg6 35. Rb6+ Kg5 36. Ne3 Rd2+ 0-1

[Event "Titled Tue 20th May Late"]
[Site "chess.com INT"]
[Date "2025.05.20"]
[Round "4"]
[White "Sklokin, Sergey"]
[Black "Zilberstein, Dmitry"]
[Result "1-0"]
[WhiteTitle "FM"]
[BlackTitle "IM"]
[WhiteElo "2311"]
[BlackElo "2358"]
[WhiteFideId "55730230"]
[BlackFideId "2010739"]
[EventDate "2025.05.20"]

1. d4 d6 2. Nf3 Nf6 3. g3 g6 4. Bg2 Bg7 5. O-O O-O 6. c4 c6 7. Nc3 Qb6 8. b3 e5
9. Bb2 e4 10. Ne1 d5 11. cxd5 cxd5 12. e3 Nc6 13. Rc1 h5 14. h4 Bg4 15. Qd2 Rfe8
16. Nc2 Rad8 17. Rfe1 Nh7 18. Rf1 g5 19. f3 exf3 20. Bxf3 Bxf3 21. Rxf3 gxh4 22.
gxh4 Ne7 23. Rcf1 Ng6 24. Rxf7 Nf6 25. R7xf6 Bxf6 26. Qg2 Kh7 27. Nxd5 Rxd5 28.
Qxd5 Nxh4 29. Qxh5+ Kg7 30. Qxe8 Qc7 31. Rxf6 Qg3+ 32. Kf1 Qg2+ 33. Ke1 Kxf6 34.
d5+ Kf5 35. Qe5+ Kg4 36. Qg7+ Kf3 37. Qxg2+ Nxg2+ 38. Kd2 1-0

[Event "Titled Tue 20th May Late"]
[Site "chess.com INT"]
[Date "2025.05.20"]
[Round "4"]
[White "Marchesich, Giovanni"]
[Black "Erece, Ece Alkim"]
[Result "0-1"]
[WhiteTitle "CM"]
[BlackTitle "WCM"]
[WhiteElo "2219"]
[BlackElo "1843"]
[WhiteFideId "2824790"]
[BlackFideId "6346006"]
[EventDate "2025.05.20"]

1. f3 d5 2. g3 e5 3. Nh3 Bd6 4. Nf2 c5 5. Bg2 Nc6 6. O-O Be6 7. d3 Qc7 8. Nc3 a6
9. e4 d4 10. Ne2 f5 11. f4 Nf6 12. exf5 Bxf5 13. fxe5 Nxe5 14. Nf4 O-O 15. h3
Rae8 16. g4 Bd7 17. g5 Nc6 18. Qf3 Kh8 19. gxf6 Rxf6 20. Nd5 Rxf3 21. Nxc7 Rxf2
22. Rxf2 Re1+ 23. Bf1 Bxh3 24. Bf4 Rxa1 25. Bxd6 h5 26. Nd5 Bxf1 27. Rxf1 Rxa2
28. Rf5 Rxb2 29. Rxh5+ Kg8 30. Bxc5 Rxc2 31. Bd6 Re2 32. Kf1 Re6 33. Bf4 a5 34.
Rh2 b5 35. Rf2 b4 36. Nb6 Ne7 37. Bd2 Rxb6 38. Re2 Nd5 39. Re5 Nc3 40. Rxa5 b3 0-1

[Event "Titled Tue 20th May Late"]
[Site "chess.com INT"]
[Date "2025.05.20"]
[Round "4"]
[White "Ghimoyan, Narek"]
[Black "Martinez Alcantara, Jose Eduardo"]
[Result "0-1"]
[WhiteTitle "CM"]
[BlackTitle "GM"]
[WhiteElo "2273"]
[BlackElo "2611"]
[WhiteFideId "13315412"]
[BlackFideId "3805662"]
[EventDate "2025.05.20"]

1. d4 Nf6 2. c4 e6 3. Nf3 Bb4+ 4. Bd2 c5 5. dxc5 Bxc5 6. e3 b6 7. Nc3 Bb7 8. Be2
a6 9. O-O Be7 10. Rc1 d6 11. b3 Nbd7 12. Bd3 O-O 13. Qe2 Rc8 14. Rfd1 Qc7 15. h3
Qb8 16. e4 Qa8 17. Bb1 Rfd8 18. Re1 Bf8 19. Bg5 Rc5 20. Rcd1 b5 21. Bxf6 Nxf6
22. e5 dxe5 23. Rxd8 Qxd8 24. Nxe5 Qc7 25. Ng4 Nxg4 26. Qxg4 bxc4 27. Ne4 f5 28.
Nf6+ Kh8 29. Qh4 gxf6 30. Rxe6 cxb3 31. f4 Qg7 32. g4 Rc1+ 33. Kh2 Rxb1 34. Rxf6
Rb2+ 35. Kg1 Bc5+ 36. Kf1 Bg2+ 37. Ke1 Qe7+ 38. Re6 Qxe6+ 0-1

[Event "Titled Tue 20th May Late"]
[Site "chess.com INT"]
[Date "2025.05.20"]
[Round "4"]
[White "Khanbutaev, Artemii"]
[Black "McDonald, Jhustice-Dimonte"]
[Result "1-0"]
[BlackTitle "CM"]
[WhiteElo "2059"]
[BlackElo "2032"]
[WhiteFideId "55747175"]
[BlackFideId "7402481"]
[EventDate "2025.05.20"]

1. d4 d5 2. c4 c6 3. Nf3 Nf6 4. Nc3 e6 5. g3 Bb4 6. Bd2 O-O 7. Bg2 dxc4 8. O-O
b5 9. a4 a6 10. axb5 Bxc3 11. Bxc3 cxb5 12. Ne5 Nd5 13. Ba5 Qe8 14. e4 Nf6 15.
Bb4 Bb7 16. Re1 Nbd7 17. Bxf8 Nxf8 18. d5 exd5 19. exd5 Qd8 20. Nc6 Qb6 21. Re7
Rc8 22. Re5 Nxd5 23. Bxd5 Bxc6 24. Re7 Bxd5 25. Qxd5 Qf6 26. Ra7 Ne6 27. R1xa6
Rd8 28. Qxd8+ Nxd8 29. Rxf6 1-0

[Event "Titled Tue 20th May Late"]
[Site "chess.com INT"]
[Date "2025.05.20"]
[Round "4"]
[White "Martinez Ramirez, Lennis"]
[Black "Klepek, Witold"]
[Result "0-1"]
[WhiteTitle "IM"]
[BlackTitle "CM"]
[WhiteElo "2438"]
[BlackElo "2253"]
[WhiteFideId "3509079"]
[BlackFideId "1175068"]
[EventDate "2025.05.20"]

1. Nf3 Nf6 2. c4 g6 3. Nc3 d5 4. cxd5 Nxd5 5. e4 Nxc3 6. dxc3 Qxd1+ 7. Kxd1 f6
8. h4 e5 9. h5 g5 10. Be3 Be6 11. Nd2 Nd7 12. Bc4 Kf7 13. g4 Bc5 14. Ke2 Rhd8
15. b4 Bxe3 16. fxe3 Nb6 17. Bxe6+ Kxe6 18. a4 a5 19. Nb3 axb4 20. Nc5+ Ke7 21.
cxb4 Nc4 22. Nxb7 Rd2+ 23. Kf3 Rb2 24. Nc5 Nd2+ 25. Kg3 Rxb4 26. Rhc1 Ra7 27. a5
Nxe4+ 28. Nxe4 Rxe4 29. Kf3 Rb4 30. Rc5 h6 31. Rac1 e4+ 32. Kg3 Rb3 33. Rxc7+
Rxc7 34. Rxc7+ Kd6 35. Rh7 Rxe3+ 36. Kf2 Rf3+ 37. Kg2 Ra3 38. Rxh6 Ke5 39. Rg6
Rxa5 40. h6 Ra8 41. h7 Rh8 42. Rg7 Kf4 43. Kh3 e3 44. Rf7 e2 45. Rxf6+ Ke5 46.
Rf7 Ke6 0-1

[Event "Titled Tue 20th May Late"]
[Site "chess.com INT"]
[Date "2025.05.20"]
[Round "4"]
[White "Yin, Evan"]
[Black "Brozynski, Patryk"]
[Result "1-0"]
[WhiteElo "2119"]
[BlackElo "2219"]
[WhiteFideId "30953111"]
[BlackFideId "2512700"]
[EventDate "2025.05.20"]

1. d4 Nf6 2. g3 g6 3. Bg2 Bg7 4. e4 O-O 5. e5 Ne8 6. Nf3 c5 7. c3 d6 8. O-O Nc6
9. exd6 exd6 10. Be3 b6 11. dxc5 dxc5 12. Qxd8 Nxd8 13. Nfd2 Bb7 14. Na3 Bxg2
15. Kxg2 Ne6 16. Rad1 Nf6 17. Ndc4 Rfd8 18. Nb5 Ng4 19. Rxd8+ Rxd8 20. Nxa7
Nxe3+ 21. Nxe3 Ra8 22. Nb5 Rxa2 23. Nc4 Bf6 24. Rd1 Be7 25. Nba3 Ng5 26. h4 Ne6
27. Kf3 Kg7 28. Ke4 Kf6 29. Kd5 Nd8 30. Rd2 b5 31. Nxb5 Ra6 32. Nc7 Ra7 33. Ne8+
Kf5 34. Ne3# 1-0

[Event "Titled Tue 20th May Late"]
[Site "chess.com INT"]
[Date "2025.05.20"]
[Round "4"]
[White "Fishbein, Alexander"]
[Black "Horak, Martin"]
[Result "1-0"]
[WhiteTitle "GM"]
[BlackTitle "FM"]
[WhiteElo "2377"]
[BlackElo "2324"]
[WhiteFideId "2000377"]
[BlackFideId "367095"]
[EventDate "2025.05.20"]

1. e4 c5 2. Nf3 d6 3. d4 cxd4 4. Nxd4 Nf6 5. Nc3 g6 6. Be2 Bg7 7. O-O O-O 8. Nb3
Nc6 9. Bg5 a5 10. a4 Be6 11. f4 Rc8 12. Kh1 Nb4 13. Nd4 Bc4 14. Ndb5 Nd7 15.
Bxc4 Rxc4 16. Qe2 Rc6 17. Rad1 Nc5 18. Nd5 Re8 19. c3 Nxd5 20. exd5 Rc8 21. Qc2
Qd7 22. h3 Qf5 23. Qxf5 gxf5 24. Nd4 e6 25. dxe6 fxe6 26. Nb5 Ne4 27. Nxd6 Nxd6
28. Rxd6 Rc4 29. Rb6 Rxa4 30. Rxb7 Re4 31. Rd1 h6 32. Rdd7 Bf8 33. Bf6 Rxf4 34.
Rh7 Rf1+ 35. Kh2 Bd6+ 36. g3 Rf2+ 37. Kg1 Bc5 38. Rh8# 1-0

[Event "Titled Tue 20th May Late"]
[Site "chess.com INT"]
[Date "2025.05.20"]
[Round "4"]
[White "Lugo, Blas"]
[Black "Winkels, Marcel"]
[Result "1-0"]
[WhiteTitle "IM"]
[BlackTitle "CM"]
[WhiteElo "2399"]
[BlackElo "1918"]
[WhiteFideId "2011263"]
[BlackFideId "1003887"]
[EventDate "2025.05.20"]

1. e4 c5 2. Nf3 d6 3. d4 cxd4 4. Nxd4 Nf6 5. Nc3 a6 6. Be3 e5 7. Nb3 Be6 8. Qd2
Nbd7 9. f3 h5 10. O-O-O Be7 11. Kb1 Rc8 12. Nd5 Nxd5 13. exd5 Bf5 14. Bd3 Bxd3
15. Qxd3 O-O 16. c4 b6 17. g4 h4 18. Nd2 Nc5 19. Bxc5 bxc5 20. Ne4 Rb8 21. Rhg1
g5 22. Rg2 Rb4 23. Rc2 Qb6 24. Ka1 Rb8 25. Rb1 a5 26. Nd2 a4 27. a3 Rb3 28. Nxb3
Qxb3 29. Qxb3 axb3 30. Rc3 Bf6 31. Rd3 Kf8 32. Re1 Ke7 33. Ree3 Ra8 34. Rxb3 Ra4
35. Re4 Kd7 36. Rb7+ Ke8 37. Ka2 Bd8 38. b3 Ra6 39. Re1 Bf6 40. Rb1 Bg7 41. b4
e4 42. fxe4 Bd4 43. b5 Ra4 44. Rc1 Be3 45. Rc3 Bd4 46. Rc2 f6 47. b6 Kd8 48. Ra7 1-0

[Event "Titled Tue 20th May Late"]
[Site "chess.com INT"]
[Date "2025.05.20"]
[Round "4"]
[White "Nalbandyan, Vahan"]
[Black "Pavlidou, Ekaterini"]
[Result "1-0"]
[WhiteTitle "CM"]
[BlackTitle "WIM"]
[WhiteElo "2155"]
[BlackElo "2198"]
[WhiteFideId "13309439"]
[BlackFideId "4213262"]
[EventDate "2025.05.20"]

1. e4 c5 2. Nf3 Nc6 3. d4 cxd4 4. Nxd4 g6 5. Nc3 Bg7 6. Be3 Nf6 7. Nxc6 bxc6 8.
e5 Nd5 9. Nxd5 cxd5 10. Qxd5 Rb8 11. O-O-O Bb7 12. Qd4 O-O 13. f4 d6 14. Bc4 Qa5
15. Qxa7 Qxa7 16. Bxa7 Rbc8 17. Bd5 Ba6 18. Bd4 e6 19. Bb3 d5 20. Rhe1 h5 21.
Re3 Rc6 22. Rc3 Bc4 23. Bxc4 dxc4 24. b3 Ra8 25. Kb2 Bf8 26. a4 Rac8 27. Be3 Bb4
28. Rxc4 Rxc4 29. bxc4 Rxc4 30. Kb3 Re4 31. Rd4 Rxe3+ 32. Kxb4 Re2 33. Rc4 Rxg2
34. a5 Rg1 35. a6 Ra1 36. Kb5 h4 37. Ra4 Rb1+ 38. Kc6 Rc1 39. a7 Rxc2+ 40. Kb7
Rb2+ 41. Ka6 Rxh2 42. a8=Q+ Kg7 43. Qd8 Kh6 44. Qg5+ Kg7 45. Qf6+ Kh7 46. Qxf7+
Kh6 47. Qf8+ Kh5 48. f5 exf5 49. Qh8+ Kg5 50. Qf6+ Kh5 51. e6 Re2 52. Rxh4# 1-0